| 000 | 00000nas 2200000zi 4500 |
| 001 | 9.939512 |
| 003 | CaOODSP |
| 005 | 20240628092732 |
| 006 | m o d f |
| 007 | cr ||||||||||| |
| 008 | 240619d18741936oncar p o f0###a0eng|d |
| 040 | |aCaOODSP|beng|erda|cCaOODSP |
| 043 | |an-cn--- |
| 086 | 1 |aR1E-PDF |
| 110 | 1 |aCanada.|bDepartment of the Interior, |eauthor,|eissuing body. |
| 245 | 10|aReport. |
| 246 | 13|aAnnual report of the Department of the Interior |
| 264 | 1|aOttawa : |bDepartment of the Interior, |c1875-1936. |
| 310 | |aAnnual |
| 336 | |atext|btxt|2rdacontent |
| 337 | |acomputer|bc|2rdamedia |
| 338 | |aonline resource|bcr|2rdacarrier |
| 362 | 1 |aBegan with: 1873/1874; ceased with: 1935/1936. |
| 500 | |aDigitized edition from print [produced by Environment and Climate Change Canada]. |
| 500 | |aContinued in the report of the Dept of Mines and Resources. |
| 500 | |aAlso in Sessional papers and Annual departmental reports. |
| 515 | |aReport year irregular. |
| 588 | |aDescription based on: 1905/1906. |
| 588 | |aLatest issue consulted: 1905/1906. |
| 610 | 10|aCanada.|bDepartment of the Interior.|vPeriodicals. |
| 650 | 0|aPublic lands|zCanada|vPeriodicals. |
| 650 | 0|aNatural resources|zCanada|vPeriodicals. |
| 650 | 0|aNational parks and reserves|zCanada|vPeriodicals. |
| 650 | 6|aTerres publiques|zCanada|vPériodiques. |
| 650 | 6|aRessources naturelles|zCanada|vPériodiques. |
| 650 | 6|aParc nationaux|zCanada|vPériodiques. |
| 655 | 7|aPeriodicals|2lcgft |
| 655 | 7|aPériodiques|2rvmgf |